Nicaragua: los últimos hechos

में बचाया:
ग्रंथसूची विवरण
स्वरूप: मूलपाठ
विषय:
टैग: टैग जोड़ें
कोई टैग नहीं, इस रिकॉर्ड को टैग करने वाले पहले व्यक्ति बनें!

MARC

LEADER 00000 a a2200000 04500
001 17859
003
040
245 |a Nicaragua:   |b los últimos hechos  
650 |a POLITICA  
650 |a PARTIDOS POLITICOS  
650 |a ACTIVIDAD MILITAR  
773 |g volumen 3, número 27. (1979), páginas 209  
999 |c 21234  |d 21234 
773 0 |0 42391  |9 3998  |a Agencia Latinoamericana de Información, ALAI  |d Quito, Ecuador: ALAI  |o 03897  |t ALAI:  |x 08275564 (Servicio mensual de información y documentación)